[Event "Chessable Masters Div 3 L"]
[Site "chess.com INT"]
[Date "2023.04.05"]
[Round "4.2"]
[White "Anton Guijarro, David"]
[Black "Wei, Yi"]
[Result "1/2-1/2"]
[WhiteTitle "GM"]
[BlackTitle "GM"]
[WhiteElo "2690"]
[BlackElo "2722"]
[WhiteFideId "2285525"]
[BlackFideId "8603405"]
[EventDate "2023.04.04"]
[EventType "k.o."]

1. e4 c5 2. Nf3 d6 3. Bb5+ Nd7 4. c3 Nf6 5. Bd3 g6 6. O-O Bg7 7. Re1 O-O 8. Bf1
e5 9. d4 exd4 10. cxd4 cxd4 11. Nxd4 Re8 12. Nc3 d5 13. exd5 Rxe1 14. Qxe1 Nb6
15. d6 Qxd6 16. Ndb5 Qb8 17. g3 Bd7 18. Bf4 Qe8 19. Qxe8+ Nxe8 20. Rd1 a6 21.
Nc7 Rc8 22. N7d5 Nxd5 23. Nxd5 Bg4 24. Re1 Kf8 25. b3 Bf3 26. Nb6 Rd8 27. Bg2
Bxg2 28. Kxg2 Bd4 29. Bh6+ Ng7 30. Nc4 b5 31. Ne5 Bc3 32. Re2 Rd6 33. Nf3 f6 34.
Rc2 b4 35. a3 a5 36. axb4 axb4 37. Ra2 Rd7 38. Ra8+ Kf7 39. Rh8 Ke6 40. Rxh7 Nf5
41. Rxd7 Kxd7 42. Bc1 Nd6 43. Kf1 Nb7 44. Ke2 Nc5 45. Nd2 Ke6 46. Kd1 Bxd2 47.
Bxd2 Nxb3 48. Bxb4 Nd4 49. h3 Nf3 50. Bc3 g5 51. Bd2 Kf5 52. Be3 Ke4 53. Kc2 f5
54. Kc3 f4 55. gxf4 gxf4 56. Bc5 Kf5 57. Be7 Ng1 58. h4 Nh3 59. Bc5 Kg4 60. Kd3
Kxh4 61. Ke4 f3 62. Kxf3 Nxf2 1/2-1/2

[Event "Chessable Masters Div 3 L"]
[Site "chess.com INT"]
[Date "2023.04.05"]
[Round "4.1"]
[White "Mamedyarov, Shakhriyar"]
[Black "Alonso Rosell, Alvar"]
[Result "1/2-1/2"]
[WhiteTitle "GM"]
[BlackTitle "GM"]
[WhiteElo "2738"]
[BlackElo "2566"]
[WhiteFideId "13401319"]
[BlackFideId "2270544"]
[EventDate "2023.04.04"]
[EventType "k.o."]

1. d4 d5 2. c4 e6 3. Nf3 a6 4. Nbd2 c5 5. dxc5 Bxc5 6. e3 Nf6 7. a3 dxc4 8. Bxc4
O-O 9. b4 Bd6 10. Bb2 b5 11. Bxf6 gxf6 12. Be2 a5 13. O-O axb4 14. axb4 Rxa1 15.
Qxa1 Bxb4 16. Ne4 Be7 17. Rd1 Bd7 18. Bxb5 f5 19. Bxd7 fxe4 20. Bc6 Nxc6 21.
Rxd8 Rxd8 22. Ne1 Nb4 23. h3 Rc8 24. Qd1 Kf8 25. Kf1 f6 26. g3 Nd3 27. Nc2 f5
28. Qb1 Bd6 29. Qb3 Be5 30. Kg1 Kf7 31. g4 Rb8 32. Qa2 Rb2 33. Qa4 Rb1+ 34. Kg2
Rc1 35. Qd7+ Kf6 36. f4 Rxc2+ 37. Kf1 Rc1+ 38. Ke2 Bc3 39. g5+ Kg6 40. Qxe6+ Kg7
41. Qd7+ Kg8 42. Qe6+ Kg7 43. Qd7+ Kg8 44. Qe6+ Kg7 1/2-1/2

[Event "Chessable Masters Div 3 L"]
[Site "chess.com INT"]
[Date "2023.04.05"]
[Round "4.2"]
[White "Alonso Rosell, Alvar"]
[Black "Mamedyarov, Shakhriyar"]
[Result "1/2-1/2"]
[WhiteTitle "GM"]
[BlackTitle "GM"]
[WhiteElo "2566"]
[BlackElo "2738"]
[WhiteFideId "2270544"]
[BlackFideId "13401319"]
[EventDate "2023.04.04"]
[EventType "k.o."]

1. d4 Nf6 2. c4 e6 3. Nf3 d5 4. g3 Be7 5. Bg2 O-O 6. O-O dxc4 7. Qc2 b6 8. Bg5
Nd5 9. Bxe7 Qxe7 10. Nbd2 Bb7 11. Nxc4 c5 12. dxc5 Rc8 13. cxb6 Nxb6 14. b3 N8d7
15. Ng5 Nf6 16. Bxb7 Qxb7 17. Rac1 Nxc4 18. bxc4 Rc5 19. Nf3 Rac8 20. Rfd1 h6
21. Qa4 Qe4 22. Rd2 R8c7 23. Rdc2 Qg4 24. Rc3 g6 25. Qd1 Kg7 26. Rb1 e5 27. Rb8
e4 28. Qd6 Nd7 29. Ne5 Nxe5 30. Qf8+ Kf6 31. Re8 Qxe2 32. Qd6+ Kg7 33. Qf8+ Kf6
34. Qd6+ Kg7 35. Qf8+ Kf6 1/2-1/2

[Event "Chessable Masters Div 3 L"]
[Site "chess.com INT"]
[Date "2023.04.05"]
[Round "4.3"]
[White "Alonso Rosell, Alvar"]
[Black "Mamedyarov, Shakhriyar"]
[Result "0-1"]
[WhiteTitle "GM"]
[BlackTitle "GM"]
[WhiteElo "2566"]
[BlackElo "2738"]
[WhiteFideId "2270544"]
[BlackFideId "13401319"]
[EventDate "2023.04.04"]
[EventType "k.o."]

1. e4 e5 2. Nf3 Nc6 3. Nc3 Nf6 4. g3 d5 5. exd5 Nxd5 6. Bg2 Nde7 7. O-O f6 8. d4
exd4 9. Nb5 Bg4 10. Nbxd4 Nxd4 11. Qxd4 Qxd4 12. Nxd4 O-O-O 13. h3 Rxd4 14. hxg4
Nc6 15. g5 fxg5 16. Bxg5 Be7 17. c3 Rdd8 18. Bf4 Bf6 19. Rfe1 h6 20. Re6 Rhe8
21. Rae1 Rxe6 22. Rxe6 Rd1+ 23. Kh2 Nd8 24. Re4 Nf7 25. Rb4 b6 26. Bf3 Rd8 27.
Ra4 a5 28. Re4 Bg5 29. Bg4+ Kb8 30. Bxg5 Nxg5 31. Re7 Rd2 32. Kg1 h5 33. Bxh5
Nh3+ 34. Kg2 Nxf2 35. Re8+ Ka7 36. Re2 Ne4 37. Rxd2 Nxd2 38. Be2 Kb7 39. Kf2
Ne4+ 40. Kf3 Nc5 41. Kf4 Na4 42. Kg5 Nxb2 43. Kg6 Na4 44. c4 Nc3 45. Bf3+ c6 46.
Kxg7 Nxa2 47. Kf8 a4 48. g4 Nc3 49. g5 a3 50. g6 a2 51. g7 a1=Q 52. g8=Q Qa8+
53. Kf7 Qxg8+ 54. Kxg8 Kc7 55. Kf7 Kd6 56. Kf6 Na4 57. Kf5 Nb2 0-1

[Event "Chessable Masters Div 3 L"]
[Site "chess.com INT"]
[Date "2023.04.05"]
[Round "4.1"]
[White "Iturrizaga Bonelli, Eduardo"]
[Black "Bluebaum, Matthias"]
[Result "1/2-1/2"]
[WhiteTitle "GM"]
[BlackTitle "GM"]
[WhiteElo "2637"]
[BlackElo "2660"]
[WhiteFideId "3901211"]
[BlackFideId "24651516"]
[EventDate "2023.04.04"]
[EventType "k.o."]

1. c4 e6 2. Nf3 d5 3. e3 Nf6 4. Nc3 Bd6 5. b3 O-O 6. Bb2 c5 7. cxd5 exd5 8. d4
Nc6 9. Be2 cxd4 10. Nxd4 Nxd4 11. Qxd4 Re8 12. Rd1 Be5 13. Qd3 Bg4 14. O-O Bxe2
15. Qxe2 d4 16. Nb5 Qb8 17. Bxd4 Bxh2+ 18. Kh1 Be5 19. Qf3 a6 20. Bxe5 Qxe5 21.
Nd6 Re6 22. Nc4 Qc5 23. Rd4 Rae8 24. Rfd1 Ne4 25. Kg1 b5 26. Rxe4 Rxe4 27. Nd6
R4e7 28. Nxe8 Rxe8 29. Rd7 Rf8 30. Qd5 Qc2 31. Qd2 Qb1+ 32. Kh2 h6 33. Rd6 Rc8
34. Rxa6 Rc1 35. Rd6 Rf1 36. Kg3 Qf5 37. Rd8+ Kh7 38. Qd3 Rxf2 39. Qxf5+ Rxf5
40. Rd4 Rc5 41. Rb4 Rc2 42. a4 bxa4 43. bxa4 Ra2 44. Kf3 h5 45. Rb5 g6 46. Ra5
f5 47. Ra8 Kh6 48. a5 Kg5 49. a6 h4 50. a7 Ra3 51. Kf2 Ra4 52. Kg1 Ra2 53. Kh2
Ra3 54. Kg1 Ra2 55. Kh2 Ra1 56. g3 Ra2+ 57. Kh3 hxg3 58. Kxg3 Ra3 59. Kf2 Ra4
60. Kf3 Ra2 61. Kg3 Ra3 62. Kf2 Kg4 63. Rg8 Ra2+ 64. Ke1 Rxa7 65. Rxg6+ Kf3 66.
Re6 Ra2 67. Re5 Re2+ 68. Kd1 Rxe3 69. Rxf5+ Ke4 70. Rf8 Rf3 71. Re8+ Kf4 72.
Rf8+ Ke4 73. Re8+ Kf4 74. Rf8+ Ke4 1/2-1/2

[Event "Chessable Masters Div 3 L"]
[Site "chess.com INT"]
[Date "2023.04.05"]
[Round "4.2"]
[White "Bluebaum, Matthias"]
[Black "Iturrizaga Bonelli, Eduardo"]
[Result "1/2-1/2"]
[WhiteTitle "GM"]
[BlackTitle "GM"]
[WhiteElo "2660"]
[BlackElo "2637"]
[WhiteFideId "24651516"]
[BlackFideId "3901211"]
[EventDate "2023.04.04"]
[EventType "k.o."]

1. d4 Nf6 2. c4 e6 3. Nc3 Bb4 4. e3 b6 5. Bd3 Bb7 6. Nf3 c5 7. Bd2 cxd4 8. Nxd4
O-O 9. a3 Be7 10. O-O d5 11. cxd5 Nxd5 12. Rc1 a6 13. Nxd5 Qxd5 14. Qf3 Qxf3 15.
Nxf3 1/2-1/2

[Event "Chessable Masters Div 3 L"]
[Site "chess.com INT"]
[Date "2023.04.05"]
[Round "4.3"]
[White "Bluebaum, Matthias"]
[Black "Iturrizaga Bonelli, Eduardo"]
[Result "1-0"]
[WhiteTitle "GM"]
[BlackTitle "GM"]
[WhiteElo "2660"]
[BlackElo "2637"]
[WhiteFideId "24651516"]
[BlackFideId "3901211"]
[EventDate "2023.04.04"]
[EventType "k.o."]

1. d4 Nf6 2. c4 e6 3. Nc3 Bb4 4. e3 b6 5. Ne2 c5 6. a3 Ba5 7. Rb1 Na6 8. Ng3 Bb7
9. f3 O-O 10. Bd3 d5 11. O-O cxd4 12. Nb5 dxc4 13. Bxc4 Nc7 14. b4 Nxb5 15. Bxb5
dxe3 16. Qxd8 Rfxd8 17. bxa5 Nd5 18. a6 Bc8 19. Rd1 Bxa6 20. Bxa6 Nc3 21. Re1
Nxb1 22. Bb2 Nd2 23. Rxe3 Rd7 24. Nh5 Rad8 25. Bxg7 Rd5 26. Be5 Ra5 27. Be2 Kf8
28. Nf6 Ke7 29. Nxh7 Nb1 30. Bf6+ 1-0

[Event "Chessable Masters Div 3 L"]
[Site "chess.com INT"]
[Date "2023.04.05"]
[Round "4.1"]
[White "Nguyen, Ngoc Truong Son"]
[Black "Paravyan, David"]
[Result "1/2-1/2"]
[WhiteTitle "GM"]
[BlackTitle "GM"]
[WhiteElo "2645"]
[BlackElo "2601"]
[WhiteFideId "12401110"]
[BlackFideId "4194985"]
[EventDate "2023.04.04"]
[EventType "k.o."]

1. d4 Nf6 2. c4 g6 3. Nf3 Bg7 4. Nc3 d5 5. cxd5 Nxd5 6. e4 Nxc3 7. bxc3 c5 8.
Bb5+ Nc6 9. O-O O-O 10. Bxc6 bxc6 11. Qc2 cxd4 12. cxd4 Bg4 13. Ne5 Qxd4 14. Bb2
Qb6 15. Rab1 Bxe5 16. Bxe5 Qa5 17. Bc3 Qa6 18. Ba1 Rab8 19. Rbc1 Qa5 20. h4 Rfd8
21. f3 Be6 22. Rf2 f6 23. Qxc6 Kf7 24. Qc3 Qh5 25. g3 Qb5 26. Qe3 Rbc8 27. Re1
Rd3 28. Qh6 Qh5 29. Qxh5 gxh5 30. Kg2 Rc4 31. Bb2 a5 32. Rc1 a4 33. a3 Rb3 34.
Rxc4 Bxc4 35. Rd2 e5 36. Kf2 Ke6 37. Bc1 Rc3 38. Bb2 Rb3 39. Bc1 Rc3 40. Bb2 Rb3 1/2-1/2

[Event "Chessable Masters Div 3 L"]
[Site "chess.com INT"]
[Date "2023.04.05"]
[Round "4.2"]
[White "Paravyan, David"]
[Black "Nguyen, Ngoc Truong Son"]
[Result "1/2-1/2"]
[WhiteTitle "GM"]
[BlackTitle "GM"]
[WhiteElo "2601"]
[BlackElo "2645"]
[WhiteFideId "4194985"]
[BlackFideId "12401110"]
[EventDate "2023.04.04"]
[EventType "k.o."]

1. e4 e5 2. Nf3 Nc6 3. Bb5 Nf6 4. O-O Nxe4 5. Re1 Nd6 6. Nxe5 Nxe5 7. Rxe5+ Be7
8. Bf1 O-O 9. d4 Bf6 10. Re1 Re8 11. c3 Rxe1 12. Qxe1 Nf5 13. Bf4 c6 14. Nd2 d5
15. Bd3 Nh4 16. Bc7 Qe7 17. Qxe7 Bxe7 18. Re1 Kf8 19. Bg3 Nf5 20. Bf4 Bd6 21.
Bxd6+ Nxd6 22. Nf1 Bf5 23. Be2 Re8 24. Ne3 Bd7 25. Bd3 Bf5 26. Bf1 Bg6 27. f3
Nf5 28. Kf2 Nxe3 29. Rxe3 Rxe3 30. Kxe3 Ke7 31. h4 h6 32. b4 b6 33. a3 Bc2 34.
f4 b5 35. g4 f6 36. g5 Bf5 37. Be2 a6 38. Bd1 Kf7 39. Bh5+ g6 40. Bd1 h5 41. a4
Ke7 42. a5 Kf7 43. Be2 Ke7 44. Bf3 Kf7 45. Kd2 Be6 46. Bg2 f5 1/2-1/2

[Event "Chessable Masters Div 3 L"]
[Site "chess.com INT"]
[Date "2023.04.05"]
[Round "4.3"]
[White "Nguyen, Ngoc Truong Son"]
[Black "Paravyan, David"]
[Result "1-0"]
[WhiteTitle "GM"]
[BlackTitle "GM"]
[WhiteElo "2645"]
[BlackElo "2601"]
[WhiteFideId "12401110"]
[BlackFideId "4194985"]
[EventDate "2023.04.04"]
[EventType "k.o."]

1. d4 Nf6 2. Nf3 g6 3. Nc3 d5 4. Bf4 Bg7 5. Nb5 Na6 6. e3 O-O 7. h3 Ne4 8. c3 f6
9. Na3 e5 10. Bh2 exd4 11. cxd4 c6 12. Nd2 Qa5 13. Nb1 f5 14. Be2 f4 15. O-O
Nxd2 16. Qxd2 Qxd2 17. Nxd2 Nb4 18. Rfc1 fxe3 19. fxe3 Re8 20. Kf2 Bf5 21. Rc3
Nc2 22. Rd1 c5 23. Nf3 cxd4 24. exd4 Be4 25. Be5 Rac8 26. Bxg7 Kxg7 27. Rxc8
Rxc8 28. a3 Kf6 29. Ne5 Ke7 30. Bf3 Kd6 31. Nf7+ Ke7 32. Ne5 Kd6 33. Nf7+ Ke7
34. Ng5 Rc4 35. Bxe4 dxe4 36. d5 Kd7 37. g3 b5 38. Nxh7 Kd6 39. Nf6 e3+ 40. Ke2
Nd4+ 41. Kxe3 Nf5+ 42. Kf3 Rc2 43. Ne4+ Kd7 44. b4 Ra2 45. d6 Rxa3+ 46. Kf4 Kd8
47. g4 Ng7 48. Nc5 1-0

[Event "Chessable Masters Div 3 L"]
[Site "chess.com INT"]
[Date "2023.04.05"]
[Round "5,1"]
[White "Wei, Yi"]
[Black "Mamedyarov, Shakhriyar"]
[Result "1-0"]
[WhiteTitle "GM"]
[BlackTitle "GM"]
[WhiteElo "2722"]
[BlackElo "2738"]
[WhiteFideId "8603405"]
[BlackFideId "13401319"]
[EventDate "2023.04.04"]
[EventType "k.o."]

1. d4 Nf6 2. c4 e6 3. Nf3 d5 4. g3 Be7 5. Bg2 O-O 6. O-O dxc4 7. Qc2 b6 8. Nfd2
Nd5 9. Nxc4 Ba6 10. a3 Nd7 11. e4 N5f6 12. Rd1 c5 13. d5 exd5 14. exd5 Re8 15.
d6 Bf8 16. Qa4 Qc8 17. Bxa8 b5 18. Qa5 Qxa8 19. Qxa6 bxc4 20. Be3 Ne5 21. Nd2
Ne4 22. d7 Rd8 23. Nxc4 Nf3+ 24. Kf1 Nxh2+ 25. Ke1 Nxg3 26. fxg3 Qg2 27. Rd3
Nf3+ 28. Kd1 Qf1+ 29. Kc2 Qxa1 30. Qa5 Ne1+ 31. Kb3 Be7 32. Rd5 Qb1 33. Qd2 h6
34. Bxc5 Rb8+ 35. Bb4 Bd8 36. Re5 Nf3 37. Re8+ Kh7 38. Qc2+ Qxc2+ 39. Kxc2 Nd4+
40. Kb1 Nc6 41. Na5 Bxa5 42. Bxa5 Rb3 43. Bc3 Rb5 44. Rc8 Rd5 45. Rxc6 Rxd7 46.
Ra6 h5 47. Kc2 g5 48. Bd2 Rd5 49. Rxa7 Kg6 50. Ra5 Rxa5 51. Bxa5 Kf5 52. Bc7 Kg4
53. a4 f5 54. a5 f4 55. gxf4 gxf4 56. a6 f3 57. Bb6 1-0

[Event "Chessable Masters Div 3 L"]
[Site "chess.com INT"]
[Date "2023.04.05"]
[Round "5,2"]
[White "Mamedyarov, Shakhriyar"]
[Black "Wei, Yi"]
[Result "1/2-1/2"]
[WhiteTitle "GM"]
[BlackTitle "GM"]
[WhiteElo "2738"]
[BlackElo "2722"]
[WhiteFideId "13401319"]
[BlackFideId "8603405"]
[EventDate "2023.04.04"]
[EventType "k.o."]

1. d4 Nf6 2. c4 e6 3. Nc3 Bb4 4. Nf3 O-O 5. Bg5 c5 6. Rc1 h6 7. Bh4 cxd4 8. Nxd4
d5 9. cxd5 Qxd5 10. Bxf6 gxf6 11. a3 Bxc3+ 12. Rxc3 e5 13. Rg3+ Kh7 14. Qc2+ e4
15. e3 Nc6 16. Bc4 Nxd4 17. exd4 Qxd4 18. O-O f5 19. Rd1 Qf6 20. h3 Rb8 21. Bb3
Be6 22. Bxe6 Qxe6 23. Qc7 Rfc8 24. Qf4 Rd8 25. Rxd8 Rxd8 26. Rc3 Rd1+ 27. Kh2
Qd6 28. Qxd6 Rxd6 29. Rc7 Rb6 30. b4 Kg6 31. Kg3 a5 32. bxa5 Rb3+ 33. Kf4 Rxa3
34. Rxb7 Rxa5 35. Rb6+ f6 36. Rb2 Rc5 37. Re2 Ra5 38. Rb2 Rc5 39. Re2 Ra5 40.
Rb2 1/2-1/2

[Event "Chessable Masters Div 3 L"]
[Site "chess.com INT"]
[Date "2023.04.05"]
[Round "5,1"]
[White "Bluebaum, Matthias"]
[Black "Nguyen, Ngoc Truong Son"]
[Result "1/2-1/2"]
[WhiteTitle "GM"]
[BlackTitle "GM"]
[WhiteElo "2660"]
[BlackElo "2645"]
[WhiteFideId "24651516"]
[BlackFideId "12401110"]
[EventDate "2023.04.04"]
[EventType "k.o."]

1. d4 d5 2. c4 c6 3. Nf3 Nf6 4. Nc3 dxc4 5. e4 b5 6. Qc2 e6 7. Be2 Bb7 8. O-O
Be7 9. b3 b4 10. Na4 c3 11. Nc5 Bxc5 12. dxc5 Nbd7 13. a3 a5 14. Bf4 Nxc5 15.
Rfd1 Qb6 16. Be3 O-O 17. Ne5 Qc7 18. Bxc5 Qxe5 19. axb4 axb4 20. Bxb4 c5 21.
Bxc3 Qxe4 22. Qxe4 Nxe4 23. Be1 Bd5 24. Rxa8 Rxa8 25. Rc1 Bxb3 26. f3 Nd6 27.
Rxc5 Bd5 28. Ra5 Rc8 29. Bb4 Nf5 30. Bc5 f6 31. Kf2 Nh6 32. Be3 Nf7 33. Rc5 Ra8
34. Rc7 Nd6 35. Bc5 Nf7 36. Be3 h5 37. h4 Ra2 38. Rc8+ Kh7 39. Ke1 Nd6 40. Bd3+
f5 41. Rd8 Nc4 42. Bxc4 Bxc4 43. Rd2 Ra1+ 44. Rd1 Ra2 45. Rd2 Ra1+ 46. Rd1 Ra4
47. Bd4 f4 48. Be5 Ra2 49. Rd2 Rxd2 50. Kxd2 Bf1 51. Bxf4 Bxg2 52. Ke3 1/2-1/2

[Event "Chessable Masters Div 3 L"]
[Site "chess.com INT"]
[Date "2023.04.05"]
[Round "5,2"]
[White "Bluebaum, Matthias"]
[Black "Nguyen, Ngoc Truong Son"]
[Result "1-0"]
[WhiteTitle "GM"]
[BlackTitle "GM"]
[WhiteElo "2660"]
[BlackElo "2645"]
[WhiteFideId "24651516"]
[BlackFideId "12401110"]
[EventDate "2023.04.04"]
[EventType "k.o."]

1. d4 d5 2. c4 c6 3. Nf3 Nf6 4. Nc3 dxc4 5. e4 b5 6. Qc2 e6 7. Be2 Bb7 8. O-O
Be7 9. Rb1 O-O 10. b3 cxb3 11. Rxb3 Nbd7 12. e5 Nd5 13. Nxd5 cxd5 14. Bxb5 Rc8
15. Qe2 Bc6 16. Bd3 Ba4 17. Rb1 Nb6 18. Bf4 Qd7 19. Ng5 Bxg5 20. Bxg5 h6 21. Bf6
g6 22. h4 Kh7 23. h5 Rc3 24. Rfc1 Rfc8 25. Qe3 Bc2 26. Rxc2 Rxc2 27. hxg6+ fxg6
28. Bxg6+ Kxg6 29. Qd3+ Kf7 30. Qh7+ Kf8 31. Qh8+ Kf7 32. Qg7+ 1-0

[Event "Chessable Masters Div 3 L"]
[Site "chess.com INT"]
[Date "2023.04.06"]
[Round "6.1"]
[White "Sarana, Alexey"]
[Black "Wei, Yi"]
[Result "1-0"]
[WhiteTitle "GM"]
[BlackTitle "GM"]
[WhiteElo "2685"]
[BlackElo "2722"]
[WhiteFideId "24133795"]
[BlackFideId "8603405"]
[EventDate "2023.04.04"]
[EventType "k.o."]

1. d4 Nf6 2. c4 e6 3. Nf3 d5 4. Nc3 c5 5. cxd5 cxd4 6. Qxd4 exd5 7. Bg5 Be7 8.
Qa4+ Bd7 9. Qb3 Na6 10. Bxf6 Bxf6 11. e3 Nc5 12. Qa3 Na4 13. Bd3 Nxc3 14. bxc3
Qe7 15. Qb3 O-O 16. O-O Rac8 17. Rfc1 b6 18. Rc2 Rc5 19. Rac1 Rfc8 20. Nd4 g6
21. h3 Qe8 22. Qb2 h5 23. Be2 Be6 24. Bf3 Kg7 25. Rd2 R8c7 26. Rd3 Qc8 27. Ne2
Be5 28. Qd2 Qa6 29. Bxd5 Bxd5 30. Rxd5 Rxd5 31. Qxd5 Rc5 32. Qd2 Qc4 33. Nd4 b5
34. a3 a6 35. g3 Bf6 36. h4 Rc7 37. Qb2 Qc5 38. Qb4 Be7 39. Rc2 Qb6 40. Qb3 Qa5
41. Qd5 Bf6 42. Ne2 Qxa3 43. Ra2 Qc5 44. Qxc5 Rxc5 45. Rxa6 Bxc3 46. Rb6 b4 47.
Nf4 Ra5 48. Rb7 Ra1+ 49. Kg2 Rb1 50. Nd5 Bd2 51. e4 b3 52. e5 Re1 53. f4 Kg8 54.
Rxb3 Ba5 55. Rb8+ Kg7 56. Ra8 Bd2 57. Nf6 Re2+ 58. Kf3 Re3+ 59. Kf2 Rb3 60. Rg8+
Kh6 61. Nd5 Rb2 62. Kf1 Rb3 63. Ke2 Ba5 64. Ra8 Rb5 65. Nf6 Rb2+ 66. Kd1 Bc3 67.
Ne4 Bb4 68. Ra7 Kg7 69. e6 1-0

[Event "Chessable Masters Div 3 L"]
[Site "chess.com INT"]
[Date "2023.04.06"]
[Round "6.2"]
[White "Wei, Yi"]
[Black "Sarana, Alexey"]
[Result "1/2-1/2"]
[WhiteTitle "GM"]
[BlackTitle "GM"]
[WhiteElo "2722"]
[BlackElo "2685"]
[WhiteFideId "8603405"]
[BlackFideId "24133795"]
[EventDate "2023.04.04"]
[EventType "k.o."]

1. e4 c5 2. Nf3 d6 3. d4 Nf6 4. Nc3 cxd4 5. Nxd4 a6 6. Be3 e5 7. Nb3 Be6 8. f3
Nbd7 9. Qd2 Be7 10. g4 Nb6 11. O-O-O Rc8 12. g5 Nh5 13. Rg1 O-O 14. Kb1 Qc7 15.
Qf2 Nc4 16. Bxc4 Bxc4 17. Rg4 g6 18. Rh4 f5 19. Qd2 Kh8 20. f4 fxe4 21. Nxe4 d5
22. Nc3 d4 23. Nxd4 exd4 24. Bxd4+ Kg8 25. b3 Bf7 26. f5 Rfd8 27. Qe2 Rxd4 28.
Rhxd4 Qxc3 29. Qxe7 Qxc2+ 30. Ka1 Qc3+ 31. Kb1 Qc2+ 32. Ka1 Qc3+ 33. Kb1 Qc2+ 1/2-1/2

[Event "Chessable Masters Div 3 L"]
[Site "chess.com INT"]
[Date "2023.04.06"]
[Round "6.1"]
[White "Kamsky, Gata"]
[Black "Bluebaum, Matthias"]
[Result "1/2-1/2"]
[WhiteTitle "GM"]
[BlackTitle "GM"]
[WhiteElo "2665"]
[BlackElo "2660"]
[WhiteFideId "2000024"]
[BlackFideId "24651516"]
[EventDate "2023.04.04"]
[EventType "k.o."]

1. d4 d5 2. Nf3 e6 3. c4 Nf6 4. g3 Nc6 5. Bg2 Bd6 6. O-O O-O 7. Nbd2 a5 8. b3
Ne4 9. Bb2 f5 10. a3 Qf6 11. Qc2 Bd7 12. e3 Be8 13. c5 Be7 14. Ne5 Nxe5 15. dxe5
Qh6 16. Bd4 Bb5 17. Rfe1 g5 18. f3 Nxd2 19. Qxd2 a4 20. b4 f4 21. exf4 gxf4 22.
g4 Qg6 23. Kh1 c6 24. Rg1 Rf7 25. Bf1 Bxf1 26. Raxf1 Raf8 27. Rg2 Rg7 28. Qc2
Qxc2 29. Rxc2 h5 30. gxh5 Rh7 31. Rg2+ Kf7 32. Rg4 Ke8 33. Rfg1 Rxh5 34. Rg8
Rxg8 35. Rxg8+ Bf8 36. Rg6 Be7 37. Rg8+ Bf8 38. Rg6 Be7 39. Rg8+ 1/2-1/2

[Event "Chessable Masters Div 3 L"]
[Site "chess.com INT"]
[Date "2023.04.06"]
[Round "6.2"]
[White "Bluebaum, Matthias"]
[Black "Kamsky, Gata"]
[Result "1/2-1/2"]
[WhiteTitle "GM"]
[BlackTitle "GM"]
[WhiteElo "2660"]
[BlackElo "2665"]
[WhiteFideId "24651516"]
[BlackFideId "2000024"]
[EventDate "2023.04.04"]
[EventType "k.o."]

1. d4 Nf6 2. c4 e6 3. Nc3 Bb4 4. e3 O-O 5. Bd2 c5 6. a3 Bxc3 7. Bxc3 Ne4 8. Ne2
b6 9. d5 d6 10. dxe6 fxe6 11. f3 Nxc3 12. Nxc3 Nc6 13. h4 Bb7 14. Qc2 Ne5 15.
O-O-O Qe7 16. Be2 Rad8 17. f4 Nd7 18. Bf3 Nf6 19. e4 Nd7 20. g3 Nb8 21. Qg2 Ba6
22. Nb5 Nc6 23. e5 Bxb5 24. Bxc6 Bxc4 25. exd6 Rxd6 26. Rxd6 Qxd6 27. Rd1 Qe7
28. Rd7 Qf6 29. Qe4 Bb3 30. Rxa7 Rd8 31. Rd7 Rxd7 32. Bxd7 Bd5 1/2-1/2

[Event "Chessable Masters Div 3 L"]
[Site "chess.com INT"]
[Date "2023.04.06"]
[Round "6.3"]
[White "Kamsky, Gata"]
[Black "Bluebaum, Matthias"]
[Result "1/2-1/2"]
[WhiteTitle "GM"]
[BlackTitle "GM"]
[WhiteElo "2665"]
[BlackElo "2660"]
[WhiteFideId "2000024"]
[BlackFideId "24651516"]
[EventDate "2023.04.04"]
[EventType "k.o."]

1. d4 d5 2. Bf4 c5 3. e3 Nc6 4. c3 e6 5. Nd2 Bd6 6. Bg3 Nge7 7. Ngf3 O-O 8. Bd3
cxd4 9. exd4 f6 10. b4 Qc7 11. b5 Na5 12. Rc1 Bd7 13. c4 Nxc4 14. Nxc4 dxc4 15.
Rxc4 Qa5+ 16. Qd2 Qxd2+ 17. Kxd2 Bxg3 18. hxg3 Bxb5 19. Bxh7+ Kf7 20. Rc7 Bc6
21. Bg6+ Kxg6 22. Rxe7 Bxf3 23. gxf3 Rf7 24. Rxe6 Rd7 25. Kd3 Rad8 26. Rh4 Rc8
27. Re1 Rc6 28. a4 Rdc7 29. Rd1 Rc2 30. Rd2 R7c3+ 31. Ke2 Rxd2+ 32. Kxd2 Rxf3
33. Ke2 Ra3 34. d5 Kf5 35. Rd4 Rc3 36. d6 Rc8 37. Rb4 b6 38. a5 bxa5 39. Rb7 Rd8
40. Rxg7 Rxd6 41. Rxa7 Rd5 42. Ra6 Rb5 43. Ke3 Rb3+ 44. Ke2 Rb2+ 45. Ke3 Rb3+
46. Ke2 Rb2+ 47. Ke3 Rb3+ 1/2-1/2

[Event "Chessable Masters Div 3 L"]
[Site "chess.com INT"]
[Date "2023.04.06"]
[Round "7.1"]
[White "Sarana, Alexey"]
[Black "Bluebaum, Matthias"]
[Result "1/2-1/2"]
[WhiteTitle "GM"]
[BlackTitle "GM"]
[WhiteElo "2685"]
[BlackElo "2660"]
[WhiteFideId "24133795"]
[BlackFideId "24651516"]
[EventDate "2023.04.04"]
[EventType "k.o."]

1. d4 d5 2. c4 e6 3. Nf3 Nf6 4. g3 Bb4+ 5. Bd2 Be7 6. Bg2 O-O 7. Qc2 Nbd7 8. O-O
c6 9. Bf4 b6 10. Nbd2 Nh5 11. e3 Bb7 12. h4 Nxf4 13. exf4 dxc4 14. Nxc4 Qc7 15.
Nce5 Nxe5 16. Nxe5 c5 17. dxc5 Bxc5 18. Rfd1 Rfd8 19. a3 a5 20. Rac1 Bxg2 21.
Kxg2 Qb7+ 22. Kg1 f6 23. Nd3 Bd4 24. Qe2 Rd6 25. Ne1 Rad8 26. Nf3 Bxb2 27. Rxd6
Rxd6 28. Re1 Bxa3 29. f5 Bb4 30. fxe6 Qe7 31. Rc1 Qxe6 32. Qa6 Rd8 33. Qb7 Bc5
34. Re1 Qd5 35. Qc7 h5 36. Kg2 Kh7 37. Re2 Rd7 38. Qc8 Rd8 39. Qc7 Qd7 40. Qf4
Re8 41. Rd2 Qg4 42. Qc7 Re7 43. Qc6 Qe6 44. Qb5 Qe4 45. Rd1 Qe2 46. Qb1+ Qe4 47.
Qb5 Qc2 48. Rd2 Qf5 49. Rd8 Qe6 50. Rd1 Qe4 51. Re1 Qc2 52. Rxe7 Qxf2+ 53. Kh3
Bxe7 54. Qxh5+ Kg8 55. Qd5+ Kh8 56. Qh5+ Kg8 57. Qd5+ Kf8 58. Nd4 Qf1+ 59. Kh2
Qf2+ 60. Kh3 Qf1+ 61. Kh2 Bc5 62. Qd8+ Kf7 63. Qd7+ Kg8 64. Qd5+ Kf8 65. Qd8+
Kf7 66. Qd7+ Kg8 67. Qd5+ Kf8 1/2-1/2

[Event "Chessable Masters Div 3 L"]
[Site "chess.com INT"]
[Date "2023.04.06"]
[Round "7.2"]
[White "Bluebaum, Matthias"]
[Black "Sarana, Alexey"]
[Result "1/2-1/2"]
[WhiteTitle "GM"]
[BlackTitle "GM"]
[WhiteElo "2660"]
[BlackElo "2685"]
[WhiteFideId "24651516"]
[BlackFideId "24133795"]
[EventDate "2023.04.04"]
[EventType "k.o."]

1. d4 Nf6 2. c4 e6 3. Nc3 Bb4 4. e3 O-O 5. Bd3 d5 6. cxd5 exd5 7. Ne2 Bd6 8. O-O
b6 9. Bd2 Bb7 10. Nf4 Bxf4 11. exf4 c5 12. Be3 Nc6 13. Bb5 Nxd4 14. Bxd4 cxd4
15. Qxd4 Ne4 16. Nxe4 1/2-1/2